书目信息 |
| 题名: |
海誓
|
|
| 作者: | 关守中 著 ;黎夏 , 青木俊 , 田琳 编 | |
| 分册: | ||
| 出版信息: | 哈尔滨 北京文艺出版社 1985 |
|
| 页数: | 229页 | |
| 开本: | 19cm | |
| 丛书名: | ||
| 单 册: | ||
| 中图分类: | I313.45 , I247.5 | |
| 科图分类: | ||
| 主题词: | 长篇小说--日本--现代 , 小说--中国 | |
| 电子资源: | ||
| ISBN: | ||
| 000 | 00836nam0 2200289 45 | |
| 001 | 1539949361 | |
| 005 | 20150128125258.76 | |
| 010 | @dCNY1.05 | |
| 091 | @aCN@b10360.16 | |
| 100 | @a19901126d1985 em y0chiy0121 ea | |
| 101 | 1 | @achi@cjpn |
| 102 | @aCN@b230000 | |
| 105 | @ay z 000ay | |
| 200 | 10 | @a海誓@Ahai shi@f(日)关守中著@g(日)黎夏, (日)青木俊编@g田琳中文编译 |
| 210 | @a哈尔滨@c北京文艺出版社@d1985 | |
| 215 | @a229页@d19cm | |
| 300 | @a根据同名电影剧本(载于1979年3月《电影文学》)改编 | |
| 606 | @a长篇小说@y日本@z现代 | |
| 606 | 0 | @a小说@x中国 |
| 690 | @aI313.45@v3 | |
| 690 | @aI247.5@v4 | |
| 701 | 0 | @a关守中@Aguan shou zhong@4著 |
| 702 | 0 | @a黎夏@Ali xia@e日@4编 |
| 702 | 0 | @a青木俊@Aqing mu jun@e日@4编 |
| 702 | 0 | @a田琳@Atian lin@4编译 |
| 801 | 0 | @aCN@bTSSF@c20150128 |
| 905 | @aZUCC@dI247.5@eJY116 | |
| 海誓/(日)关守中著/(日)黎夏, (日)青木俊编/田琳中文编译.-哈尔滨:北京文艺出版社,1985 |
| 229页;19cm |
| 根据同名电影剧本(载于1979年3月《电影文学》)改编 |
| ISBN :CNY1.05 |
| ● |
| 相关链接 |
|
|
|
|
正题名:海誓
索取号:I247.5/JY116
 
预约/预借
| 序号 | 登录号 | 条形码 | 馆藏地/架位号 | 状态 | 备注 |
| 1 | 7854414 | 278544149 | 学院路分馆/ [索取号:I247.5/JY116] | 在馆 |